Labrador Public Regions Quiz Stats

Quiz not verified by Sporcle

Challenge
Share
Tweet
Score 0/12 Timer 10:00
0 Plays Today
% Correct
Churchill Valley
88.9%
Churchill
88.9%
Eagle River
77.8%
Up. Lk Melville
77.8%
Hopedale
77.8%
Norman Bay
77.8%
Lab City
66.7%
Post|Mak
66.7%
Red Bay-LAC
66.7%
Nain
55.6%
Rigolet
55.6%
Cartwright
55.6%

You're not logged in!

Compare scores with friends on all Sporcle quizzes.
Join for Free
OR
Log In

You Might Also Like...

Show Comments

Extras

Created Mar 29, 2017ReportNominate

Top Quizzes Today


Score Distribution

Your Account Isn't Verified!

In order to create a playlist on Sporcle, you need to verify the email address you used during registration. Go to your Sporcle Settings to finish the process.

Report this User

Report this user for behavior that violates our Community Guidelines.

Details: